000 00325pab a2200133 454500
008 180718b1985 xxu||||| |||| 00| 0 eng d
245 _aMemorandum on cnetre - state relations
260 _c1985
300 _a19-23
362 _aIndependence Number
650 _aFederal - State Relations
773 _aJanata
909 _a8348
999 _c8348
_d8348